LEADER 00982nam 2200277 450 001 996692067203316 005 20260301132439.0 100 $a20251110d1980----km y0itay5003 ba 101 0 $aita 102 $aIT 105 $ay 00 y 200 1 $aSull'applicabilitą alla divisione delle cose comuni delle norme sulla divisione dell'ereditą$egli artt. 732, 757 e 758 c.c.$fCaterina Miraglia 210 $a[S.l.]$cEdizioni scientifiche italiane$d1980 215 $a78-94 p.$d24 cm 300 $aTitolo della copertina 300 $aEstratto da: Rassegna di diritto civile, n. 1 (1980) 606 0 $aDivisione ereditaria$2BNCF 676 $a346.45052 700 1$aMIRAGLIA$bCaterina$0229499 801 0$aIT$bcba$gREICAT 912 $a996692067203316 951 $aXVI.7.Misc. 1215$b1231 FBUO$cXVI.7.Misc. 959 $aBK 969 $aFBUO 996 $aSull'applicabilitą alla divisione delle cose comuni delle norme sulla divisione dell'ereditą$94482216 997 $aUNISA